| 000 | 00738 a2200193 4500 | ||
|---|---|---|---|
| 999 |
_c168063 _d168063 |
||
| 020 | _c670.00 | ||
| 035 | _aB-295866 | ||
| 037 | _bJai Prakasah Nath Publications | ||
| 082 | 1 | 4 |
_a540 _bAGA |
| 100 | 1 | _aAgarwal, O.P. | |
| 245 | 1 |
_aIIT chemistry _bfor IIT joint entrance and other engineering entrance examinations _cby O.P. Agarwal, Avinash Agarwal |
|
| 250 | _a125th ed. | ||
| 260 |
_aMeerut _bJai Prakasah Nath Publications _c2009 |
||
| 270 | _aGrah Nauchandi chauraha,Garh Road,Meerut-250002 | ||
| 300 |
_axx, 1286p. _c24 cm (pbk) |
||
| 700 | _aAgarwal, Avinash | ||
| 942 |
_adpl _cEN _2ddc _h540 _mAGA |
||